[Event "Novokuznetsk U21 op"]
[Site "Novokuznetsk"]
[Date "2014.06.16"]
[Round "2"]
[White "Buts, Nikita"]
[Black "Kuzmichev, Alexander"]
[Result "0-1"]
[WhiteElo "1961"]
[BlackElo "2135"]
[PlyCount "52"]
[EventDate "2014.06.15"]
[EventType "swiss"]
[EventRounds "9"]
[EventCountry "RUS"]
[SourceTitle "EXT 2015"]
[Source "ChessBase"]
[SourceDate "2014.11.20"]
[SourceVersion "1"]
[SourceVersionDate "2014.11.20"]
[SourceQuality "1"]

1. d4 c5 2. c4 Nf6 3. d5 d6 4. Qa4+ Nbd7 5. Nf3 a6 6. Nc3 b5 7. cxb5 Nb6 8. Qb3 axb5 9. Qxb5+ Bd7 10. Qd3 Na4 11. g3 Nxc3 12. bxc3 g6 13. c4 Bg7 14. Bb2 0-0 15. e4 Qb6 16. Qc2 Ba4 17. Qc3 Rfb8 18. Rb1 Ne8 19. e5 dxe5 20. Nxe5 Bc2 21. Qxc2 Bxe5 22. Bxe5 Qxb1+ 23. Qxb1 Rxb1+ 24. Ke2 Rxa2+ 25. Ke3 Re1+ 26. Kf4 Rxf2+ 0-1

[Event "Kemerovo Region Cup"]
[Site "Kemerovo"]
[Date "2013.09.02"]
[Round "5"]
[White "Kuzmichev, Alexander"]
[Black "Kuznetsov, Evgeny"]
[Result "1-0"]
[WhiteElo "2118"]
[BlackElo "2208"]
[PlyCount "61"]
[EventDate "2013.08.28"]
[EventType "swiss"]
[EventRounds "7"]
[EventCountry "RUS"]
[SourceTitle "EXT 2014"]
[Source "ChessBase"]
[SourceDate "2013.11.20"]
[SourceVersion "1"]
[SourceVersionDate "2013.11.20"]
[SourceQuality "1"]

1. e4 e5 2. Nf3 Nf6 3. Nc3 Nc6 4. d4 exd4 5. Nxd4 Bb4 6. Bg5 h6 7. Bxf6 Qxf6 8. Ndb5 0-0 9. Be2 Qd8 10. a3 Bxc3+ 11. Nxc3 Re8 12. Qd2 d6 13. 0-0-0 a6 14. g4 b5 15. h4 b4 16. axb4 Nxb4 17. g5 h5 18. Bxh5 Be6 19. g6 f6 20. Qe2 c6 21. Bg4 f5 22. Bxf5 Bxf5 23. Qh5 Be6 24. Rh3 Kf8 25. Qh8+ Bg8 26. Rf3+ Ke7 27. Qxg7+ Ke6 28. e5 Rf8 29. Rxd6+ Qxd6 30. Rf6+ Kxe5 31. f4+ 1-0

[Event "Novokuznetsk Summer op"]
[Site "Novokuznetsk"]
[Date "2013.06.21"]
[Round "5"]
[White "Golovina, Darya"]
[Black "Kuzmichev, Alexander"]
[Result "1-0"]
[WhiteElo "1973"]
[BlackElo "2086"]
[PlyCount "59"]
[EventDate "2013.06.17"]
[EventType "swiss"]
[EventRounds "9"]
[EventCountry "RUS"]
[SourceTitle "EXT 2014"]
[Source "ChessBase"]
[SourceDate "2013.11.20"]
[SourceVersion "1"]
[SourceVersionDate "2013.11.20"]
[SourceQuality "1"]

1. e4 g6 2. d4 Bg7 3. Nc3 d6 4. Be2 Nf6 5. h4 h5 6. Nf3 c6 7. Ng5 a6 8. a4 0-0 9. 0-0 Nbd7 10. f4 e5 11. dxe5 dxe5 12. f5 Rb8 13. fxg6 Qb6+ 14. Kh1 fxg6 15. Bc4+ Kh8 16. Ne6 Ng4 17. Nxf8 Nxf8 18. Qd6 Nf2+ 19. Rxf2 Qxf2 20. Qxb8 Bh3 21. gxh3 Qf3+ 22. Kg1 Qg3+ 23. Kf1 Qxh3+ 24. Ke2 Qg4+ 25. Kd3 Qd7+ 26. Nd5 cxd5 27. Bxd5 b5 28. Be3 bxa4 29. Rf1 Qe7 30. Rf7 1-0

[Event "Novokuznetsk Summer op"]
[Site "Novokuznetsk"]
[Date "2013.06.18"]
[Round "2"]
[White "Agalakov, Sergey"]
[Black "Kuzmichev, Alexander"]
[Result "0-1"]
[WhiteElo "1923"]
[BlackElo "2086"]
[PlyCount "100"]
[EventDate "2013.06.17"]
[EventType "swiss"]
[EventRounds "9"]
[EventCountry "RUS"]
[SourceTitle "EXT 2014"]
[Source "ChessBase"]
[SourceDate "2013.11.20"]
[SourceVersion "1"]
[SourceVersionDate "2013.11.20"]
[SourceQuality "1"]

1. e4 e5 2. Nf3 Nc6 3. Bc4 Nf6 4. d3 Be7 5. c3 d6 6. 0-0 Bg4 7. Nbd2 0-0 8. Re1 Na5 9. Bb5 a6 10. Ba4 b5 11. Bc2 c5 12. h3 Bh5 13. Nf1 Bg6 14. d4 Nc6 15. Bb1 Qb6 16. d5 Nb8 17. Ng3 Ne8 18. Nh2 Qd8 19. Nhf1 Bg5 20. Ne3 Nd7 21. Nef5 Bxf5 22. Nxf5 g6 23. Ng3 Ng7 24. Qg4 Bxc1 25. Rxc1 Nf6 26. Qg5 Nfh5 27. Qxd8 Rfxd8 28. Nxh5 Nxh5 29. g3 Rdb8 30. Bc2 Nf6 31. Re1 Nd7 32. Rad1 Rb6 33. Rd2 a5 34. Kg2 c4 35. f4 b4 36. Ba4 bxc3 37. bxc3 Nc5 38. Bc6 Rab8 39. fxe5 dxe5 40. g4 Rd8 41. Kf3 f6 42. Ke3 Kg7 43. Rf1 Rd6 44. Rfd1 Kf7 45. h4 Ke7 46. h5 g5 47. Ba8 a4 48. Rf2 a3 49. Rdd2 Rb1 50. Bc6 Nd3 0-1

[Event "Novokuznetsk Winter op"]
[Site "Novokuznetsk"]
[Date "2013.01.11"]
[Round "8"]
[White "Kuzmichev, Alexander"]
[Black "Shulajakov, Alexander"]
[Result "1-0"]
[WhiteElo "2069"]
[BlackElo "1833"]
[PlyCount "69"]
[EventDate "2013.01.03"]
[EventType "swiss"]
[EventRounds "9"]
[EventCountry "RUS"]
[SourceTitle "CBM 152 Extra"]
[Source "ChessBase"]
[SourceDate "2013.02.25"]
[SourceVersion "1"]
[SourceVersionDate "2013.02.25"]
[SourceQuality "1"]

1. e4 e6 2. d4 d5 3. Nd2 dxe4 4. Nxe4 Nd7 5. Nf3 Ngf6 6. Bg5 Be7 7. Nxf6+ Nxf6 8. Bd3 b6 9. Qe2 Bb7 10. 0-0 c6 11. Rad1 Qc7 12. c4 0-0-0 13. a4 Bd6 14. c5 bxc5 15. dxc5 Bxc5 16. b4 Bxb4 17. Rb1 a5 18. Rfc1 Qd6 19. Ba6 c5 20. Bxb7+ Kxb7 21. Ne5 Rhf8 22. Nc4 Qa6 23. Qf3+ Ka7 24. Ne5 Rc8 25. Be3 Rc7 26. Qg3 Rfc8 27. Qxg7 Nd5 28. Nc4 f5 29. Qe5 Rg8 30. Nd6 Qc6 31. Nb5+ Kb7 32. g3 Rd7 33. Bxc5 Qa6 34. Nd6+ Ka8 35. Qxe6 1-0

[Event "Kemerovo Kuzbass Cup"]
[Site "Kemerovo"]
[Date "2012.09.04"]
[Round "7"]
[White "Kuzmichev, Alexander"]
[Black "Sozin, Stepan"]
[Result "0-1"]
[WhiteElo "2111"]
[BlackElo "2123"]
[PlyCount "110"]
[EventDate "2012.08.29"]
[EventType "swiss"]
[EventRounds "7"]
[EventCountry "RUS"]
[SourceTitle "CBM 150 Extra"]
[Source "ChessBase"]
[SourceDate "2012.10.19"]
[SourceVersion "1"]
[SourceVersionDate "2012.10.19"]
[SourceQuality "1"]

1. g3 d5 2. Bg2 Nf6 3. d3 c6 4. Nd2 e5 5. e4 Bd6 6. Ne2 Be6 7. c3 Qb6 8. 0-0 Nbd7 9. d4 dxe4 10. dxe5 Nxe5 11. Nxe4 Nxe4 12. Bxe4 0-0-0 13. Be3 Bc5 14. Bxc5 Rxd1 15. Bxb6 Rxf1+ 16. Kxf1 axb6 17. Nd4 Bd7 18. Kg2 g6 19. f4 Nc4 20. b3 Nd6 21. Bf3 c5 22. Nc2 Re8 23. Kf2 Bc6 24. Rd1 Nb5 25. Bxc6 bxc6 26. Rd3 Kc7 27. Ne3 Nd6 28. a4 c4 29. Nxc4 Nxc4 30. bxc4 Ra8 31. Re3 Kd6 32. Ke2 Rxa4 33. Kd3 h5 34. Re2 Ra1 35. Rb2 Kc5 36. Re2 Ra7 37. Re5+ Kd6 38. Re2 Re7 39. Rg2 Kc5 40. g4 h4 41. Rb2 Re1 42. Rf2 f5 43. gxf5 gxf5 44. Rf3 Re4 45. Kc2 Kxc4 46. Kd2 c5 47. Rf1 b5 48. Rf3 Kb3 49. Rf1 Kb2 50. Kd3 c4+ 51. Kd2 Re8 52. Rf3 Rd8+ 53. Ke2 b4 54. cxb4 c3 55. Kf1 c2 0-1

[Event "Novokuznetsk School op"]
[Site "Novokuznetsk"]
[Date "2012.06.13"]
[Round "6"]
[White "Izenev, Andrey"]
[Black "Kuzmichev, Alexander"]
[Result "0-1"]
[WhiteElo "1562"]
[BlackElo "2024"]
[PlyCount "102"]
[EventDate "2012.06.13"]
[EventType "swiss"]
[EventRounds "9"]
[EventCountry "RUS"]
[SourceTitle "EXT 2022"]
[Source "ChessBase"]
[SourceDate "2021.10.06"]
[SourceVersion "1"]
[SourceVersionDate "2021.10.06"]
[SourceQuality "1"]

1. e4 e5 2. Nc3 c6 3. f4 d6 4. Nf3 Bg4 5. Be2 g6 6. d4 Nd7 7. d5 c5 8. Be3 Bg7 9. Qd2 Ne7 10. h3 Bxf3 11. Bxf3 a6 12. 0-0 0-0 13. Rf2 b5 14. Raf1 exf4 15. Bxf4 Ne5 16. Bh6 Nc4 17. Qc1 Bxh6 18. Qxh6 Nxb2 19. Bg4 Nc4 20. e5 Nxe5 21. Ne4 f5 22. Ng5 Rf7 23. Nxf7 Nxf7 24. Qe3 Nxd5 25. Qg3 Qe7 26. Bxf5 Qg5 27. Qxg5 Nxg5 28. h4 Ne3 29. hxg5 Nxf5 30. Re1 Ng7 31. Rfe2 Rf8 32. Re7 Rf7 33. Rxf7 Kxf7 34. c3 Ne6 35. a4 Nxg5 36. Kf2 bxa4 37. Ke3 Ne6 38. Ra1 Nc7 39. Rxa4 g5 40. Ke4 Ke6 41. Ra1 h5 42. g3 d5+ 43. Kf3 Kf5 44. Ra5 Nb5 45. Rxa6 Nxc3 46. Ra8 Ne4 47. Rh8 g4+ 48. Kg2 Nf6 49. Kf2 d4 50. Rc8 Ne4+ 51. Kg2 d3 0-1

[Event "Novokuznetsk School op"]
[Site "Novokuznetsk"]
[Date "2012.06.13"]
[Round "8"]
[White "Kuzmichev, Alexander"]
[Black "Golovina, Darya"]
[Result "1-0"]
[WhiteElo "2024"]
[BlackElo "1999"]
[PlyCount "49"]
[EventDate "2012.06.13"]
[EventType "swiss"]
[EventRounds "9"]
[EventCountry "RUS"]
[SourceTitle "EXT 2022"]
[Source "ChessBase"]
[SourceDate "2021.10.06"]
[SourceVersion "1"]
[SourceVersionDate "2021.10.06"]
[SourceQuality "1"]

1. e4 d5 2. exd5 Qxd5 3. d4 Qa5+ 4. c3 c6 5. Nf3 Bg4 6. Be2 e6 7. h3 Bh5 8. Bf4 Nf6 9. Qb3 Qb6 10. Nbd2 Nbd7 11. Nc4 Qxb3 12. axb3 Be7 13. Na5 Nd5 14. Bh2 0-0-0 15. Nxc6 Rdg8 16. Nxa7+ Kd8 17. Nb5 N7b6 18. c4 Nb4 19. Bc7+ Kc8 20. Bxb6 Nc2+ 21. Kd2 Nxa1 22. Rxa1 Bb4+ 23. Kc1 Bg6 24. Ne5 Kb8 25. Bc7+ 1-0

[Event "Novokuznetsk School op"]
[Site "Novokuznetsk"]
[Date "2012.06.13"]
[Round "9"]
[White "Kuzmichev, Alexander"]
[Black "Sozin, Stepan"]
[Result "0-1"]
[WhiteElo "2024"]
[BlackElo "2137"]
[PlyCount "122"]
[EventDate "2012.06.13"]
[EventType "swiss"]
[EventRounds "9"]
[EventCountry "RUS"]
[SourceTitle "EXT 2022"]
[Source "ChessBase"]
[SourceDate "2021.10.06"]
[SourceVersion "1"]
[SourceVersionDate "2021.10.06"]
[SourceQuality "1"]

1. g3 c5 2. Bg2 g6 3. c4 Bg7 4. e3 Nc6 5. Ne2 e6 6. 0-0 Nge7 7. d4 cxd4 8. exd4 d5 9. cxd5 Nxd5 10. Nbc3 0-0 11. Nxd5 exd5 12. Nf4 Nxd4 13. Nxd5 Bh3 14. Bxh3 Qxd5 15. Bg2 Qb5 16. Be3 Rad8 17. Kh1 b6 18. Rb1 Nf5 19. Qf3 Nxe3 20. fxe3 Rd2 21. Rf2 Qd3 22. Rbf1 Rxb2 23. Rxb2 Bxb2 24. Qb7 Qxe3 25. Bd5 Qe8 26. Qxa7 Bd4 27. a4 Be3 28. Qc7 Bd4 29. Qc4 Qe3 30. Bxf7+ Kg7 31. Bd5 Rf5 32. Qc7+ Kh6 33. Qc1 Qxc1 34. Rxc1 Rxd5 35. Rc2 Bc5 36. Kg2 Kg5 37. Ra2 Bb4 38. Kf3 Rd3+ 39. Ke2 Ra3 40. Rc2 Rxa4 41. Rc7 h5 42. h4+ Kg4 43. Rc6 Kf5 44. Rxb6 Bc3 45. Rb5+ Be5 46. Kf3 Ra3+ 47. Kf2 Rxg3 48. Rb7 Rg4 49. Rf7+ Bf6 50. Kf3 Rxh4 51. Kg3 Ra4 52. Rb7 g5 53. Rb5+ Be5+ 54. Kf3 h4 55. Kg2 g4 56. Rb1 h3+ 57. Kh1 g3 58. Rf1+ Kg4 59. Re1 g2+ 60. Kg1 Bd4+ 61. Kh2 g1Q+ 0-1

[Event "Novokuznetsk-ch HL"]
[Site "Novokuznetsk"]
[Date "2012.05.06"]
[Round "7"]
[White "Sitnikov, Dmitrij"]
[Black "Kuzmichev, Alexander"]
[Result "1-0"]
[WhiteElo "2500"]
[BlackElo "2024"]
[PlyCount "99"]
[EventDate "2012.04.30"]
[EventType "swiss"]
[EventRounds "8"]
[EventCountry "RUS"]
[SourceTitle "EXT 2013"]
[Source "ChessBase"]
[SourceDate "2012.11.22"]
[SourceVersion "1"]
[SourceVersionDate "2012.11.22"]
[SourceQuality "1"]

1. e4 e5 2. Nf3 Nc6 3. Bb5 a6 4. Ba4 Nf6 5. Qe2 b5 6. Bb3 Be7 7. c3 0-0 8. 0-0 d6 9. h3 Na5 10. Bc2 c5 11. d4 Qc7 12. d5 Ne8 13. b3 g6 14. Bh6 Ng7 15. Nbd2 f5 16. Rfc1 Nb7 17. a4 Bd7 18. Ra2 Rab8 19. axb5 axb5 20. Rca1 Nd8 21. Bd3 Nf7 22. Bxg7 Kxg7 23. Ra5 b4 24. cxb4 Rxb4 25. Bc4 Rfb8 26. Ne1 Bd8 27. R5a3 f4 28. Nd3 R4b6 29. Kf1 Ng5 30. Ke1 h6 31. Kd1 Nh7 32. Kc2 Nf6 33. R1a2 Bb5 34. Bxb5 Rxb5 35. Nc4 Be7 36. f3 Nd7 37. Qe1 R8b7 38. Qc3 Kf7 39. Ndb2 Rb4 40. Na5 Ra7 41. Nc6 Rxa3 42. Rxa3 Rb7 43. Nc4 Kf6 44. Ra6 Kf7 45. Nxe7 Kxe7 46. Nxd6 h5 47. Nxb7 Qxb7 48. Qa5 g5 49. Ra7 Qc8 50. Qb5 1-0

[Event "Novokuznetsk School op"]
[Site "Novokuznetsk"]
[Date "2011.06.15"]
[Round "2"]
[White "Kuzmichev, Alexander"]
[Black "Evtina, Diana"]
[Result "1-0"]
[WhiteElo "2031"]
[BlackElo "1911"]
[PlyCount "103"]
[EventDate "2011.06.15"]
[EventType "swiss"]
[EventRounds "9"]
[EventCountry "RUS"]
[SourceTitle "EXT 2022"]
[Source "ChessBase"]
[SourceDate "2021.10.06"]
[SourceVersion "1"]
[SourceVersionDate "2021.10.06"]
[SourceQuality "1"]

1. e4 c5 2. c3 d5 3. exd5 Qxd5 4. d4 g6 5. Nf3 Bg7 6. Be3 cxd4 7. cxd4 e6 8. Nc3 Qd8 9. Be2 Ne7 10. 0-0 0-0 11. Qb3 b6 12. Rad1 Bb7 13. a3 Nd5 14. Bg5 Qd7 15. Ne5 Qe8 16. Bc4 Nxc3 17. bxc3 Nc6 18. Nxf7 Na5 19. Nd6 Qc6 20. Bxe6+ Kh8 21. d5 Qxd6 22. Qc2 Bc8 23. Qe4 Re8 24. Bf4 Qd8 25. Be5 Bf6 26. Rd3 Bxe6 27. dxe6 Qe7 28. Rd7 Qxe6 29. Qh4 Qxd7 30. Qxf6+ Kg8 31. Qh8+ Kf7 32. Qg7+ Ke6 33. Qf6+ Kd5 34. Rd1+ Kc4 35. Rxd7 Rac8 36. g3 Nc6 37. Qf7+ Kb5 38. Qb3+ Ka5 39. Rd5+ Ka6 40. Qc4+ Kb7 41. Rd7+ Ka8 42. Bf4 Nb8 43. Qa4 Nxd7 44. Qxd7 Red8 45. Qxh7 Rxc3 46. Qxg6 Rdc8 47. Qe4+ R3c6 48. h4 a5 49. h5 Ka7 50. h6 R6c7 51. Bxc7 Rxc7 52. h7 1-0